000 01040nam a2200277 a 4500
001 3308
003 BD-RjUL
005 20211208233717.0
008 171109s1957 p 000 0 eng d
035 _a(BD-RjUL) 3342
040 _aBD-RjUL
_cBD-RjUL
_dBD-RjUL
_beng
041 _aeng
082 _223
_a304.609549021
_bPAC 1957
110 _aPakistan.
_bMinistry of the Interior.
_9219385
245 _aCensus of Pakistan, 1951:
_bDemographic miscellany /
_cPakistan. Ministry of the Interior.
246 _aCensus of Pakistan, 1951. Census bulletin. No. 6, Demographic miscellany.
260 _aKarachi :
_bMinistry of the Interior, Govt. of Pakistan,
_c1957.
300 _ai, 74 pages :
_bill. ;
_c24 cm
490 _aCensus bulletin ;
_vNo. 6,
500 _a"Cover title."
500 _aOn lower cover: "Published by the Manager of Publications, Karachi."
650 _aPakistan
_xPopulation.
_9219375
650 _aPakistan
_xCensus, 1951.
_9219376
830 _aCensus bulletin ;
_vNo. 6,
_9219386
942 _2ddc
_cRAR
999 _c3308
_d3308